XII. sympózium kánonického práva na Spišskej Kapitule - Spišskom Podhradí

Podrobná bibliografia
Hlavný autor: Dufincová, Zuzana (Autor)
Médium: Článok
Jazyk:slovenčina
ISSN:0139-861X
Predmet:

MARC

LEADER 00000nab a2200000 a 4500
001 vtls008427678
003 SK-MaSNL
005 20260303070245.0
008 140328c2005 xo mr|p|||||||000 b|slo
015 |a SNBRB2006/02  |2 snkbucl 
038 |a SNKBUCL 
040 |a SNKBUCL  |b slo  |c SNKBUCL  |e AACR2 
041 0 |a slo 
044 |a xo  |c SK 
080 |a 348.1/.6:061.3  |2 1997 
100 1 |a Dufincová, Zuzana  |4 aut  |9 916516 
245 1 0 |a XII. sympózium kánonického práva na Spišskej Kapitule - Spišskom Podhradí  |c Zuzana Dufincová 
246 3 |a Dvanáste sympózium kánonického práva na Spišskej Kapitule - Spišskom Podhradí 
648 7 |a 6.-10.9.2004  |2 snkbucl  |9 1067451 
650 0 7 |a kánonické právo  |x sympózium  |2 snkbucl  |9 1067452 
651 7 |a Spišská Kapitula (Spišské Podhradie, Slovensko)  |2 snkbucl  |9 23020 
773 0 |t Duchovný pastier  |g Roč. 86, č. 2 (2005), s. 96-101  |x 0139-861X 
852 |a SNK  |b KIS3GCP 
958 |a SK 
958 |a NT 
999 |c 1754544  |d 1756474